| 000 | 00699nam a2200265Ia 4500 | ||
|---|---|---|---|
| 003 | OSt | ||
| 005 | 20221006160307.0 | ||
| 006 | a|||||r|||| 00| 0 | ||
| 007 | ta | ||
| 008 | 221006b |||||||| |||| 00| 0 eng d | ||
| 020 | _cW10,000 | ||
| 024 | _a44,852 | ||
| 037 |
_bGift, Koren Embassy _cTextual |
||
| 040 |
_aEASL _cEASL _beng |
||
| 041 |
_2eng _aeng |
||
| 082 | _aP495, Q2.1-1 | ||
| 245 | 0 |
_aLets learn Hangeul _b Elementary Work book |
|
| 260 |
_aSeoul _bHawoo Korea _c2012 |
||
| 300 |
_a96p. CD - 1 _ccm. |
||
| 490 | _v KL | ||
| 500 | _aAccompanying CD - 1 | ||
| 650 | _aKL | ||
| 942 |
_hP495, Q2.1-1 _cTEXL _2CC |
||
| 999 |
_c1112944 _d1112944 |
||